000 00654pam a2200217 a 4500
020 _a0767405218 (pbk.)
040 _cDLC
082 0 0 _a305 MAY 1999 A074 Or.
245 0 0 _aGender, culture, and ethnicity :
_bcurrent research about women and men /
260 _aMountain View, Calif. :
_bMayfield Pub. Co.,
_cc1999.
300 _axii, 363 p. ;
_c24 cm.
650 0 _aWomen
650 0 _aWomen
650 0 _aMen
650 0 _aSex role
650 0 _aEthnicity
700 1 _aPeplau, Letitia Anne.
856 4 2 _uhttp://www.loc.gov/catdir/description/mh024/98019788.html
856 4 1 _uhttp://www.loc.gov/catdir/toc/mh023/98019788.html
942 _cEK
999 _c15231
_d15231